| 000 | 00683nam a22002057a 4500 | ||
|---|---|---|---|
| 999 |
_c61733 _d61733 |
||
| 005 | 20240424172424.0 | ||
| 008 | 240424s2007 enk||||| |||| 00| 0 eng d | ||
| 020 | _a 9780323045278x | ||
| 041 | _aeng | ||
| 080 | _a576.31+611 K-43 | ||
| 100 |
_aKierszenbaum, Abraham L. _921926 |
||
| 245 |
_aHistology and Cell Biology: _bAn Introduction to Pathology / _cAbraham L Kierszenbaum. |
||
| 250 | _aSecond Edition | ||
| 264 |
_aPhiladelphia : _bMosby, _c2007. |
||
| 300 |
_a672 p.: _bill.; _c28 cm. |
||
| 653 | _aჰისტოლოგია | ||
| 653 | _aუჯრედული ბიოლოგია | ||
| 653 | _aმედიცინა | ||
| 942 |
_2udc _cᲬᲘᲒᲜᲘ |
||